000
00254nam a2200097Ia 4500
008
230915s9999 xx 000 0 und d
050
_a
S 535.F68 2005 V.2
100
_a
waithaka,patrick.n
245
0
_a
foundation agriculture students' book2
942
_c
BK
999
_c
201521
_d
201521